Obrátený slovník cudzích slov

Salvato in:
Dettagli Bibliografici
Autore principale: Oravec, Peter
Natura: Libro
Lingua:slovacco
Pubblicazione: Bratislava EPOS, Ing. Miroslav Mračko 2007
Soggetti:
Tags: Aggiungi Tag
Nessun Tag, puoi essere il primo ad aggiungerne!!

MARC

LEADER 00000nam$a2200000$$$4500
001 0112636
005 20240318113221.6
020 |a 978-80-8057-692-9 
041 0 |a slo 
044 |a SK 
245 1 0 |a Obrátený slovník cudzích slov  |c Peter Oravec 
264 1 |a Bratislava  |b EPOS, Ing. Miroslav Mračko  |c 2007 
300 |a 1060 s. 
610 2 0 |a jazykoveda 
610 2 0 |a terminológia 
610 2 0 |a pojmy 
100 1 |a Oravec, Peter